000 01030nas a2200313 4500
001 BR8400729
003 BR-BrBNA
005 20231205085802.0
007 ta
008 230509b bl.|||p| |||| 00| 00por d
040 _aBR-BrBNA
_bpor
_cBiblioteca Nacional de Agricultura
041 _a(Pt)
072 _aF22
100 1 _aSingh, R.
100 1 _aMoller, M.R.F.
100 1 _aFerreira, W. de A.
111 1 _a19. Congresso Brasileiro de Ciencia do Solo
_cCuritiba, PR (Brazil)
_d17 Jul 1983
245 1 _aCinetica da sorcao de fosforo em solos dos tropicos umidos da Amazonia [Brasil]
246 1 _aKinetics of phosphorus sorption in some soils of humid tropics of Amazon, Brazil
650 _aFOSFORO
650 _aADSORCAO
650 _aABSORCAO
650 _aSOLO
650 _aTROPICO UMIDO
650 _aAMAZONIA
773 0 _tRevista Brasileira de Ciencia do Solo (Brazil)
_xISSN 0100-0683
_g(Sep 1983), v. 7(3) p. 227-231
_wBR8400729
909 _a202311
_bLúcia
_c55
_dLúcia Elande
942 _2AGRIS
_n0
_cANA
999 _c113792
_d113792